书目信息 |
| 题名: |
城镇魅力
|
|
| 作者: | 姚香泓 主编 | |
| 分册: | ||
| 出版信息: | 大连 大连理工大学出版社 2010.05 |
|
| 页数: | 230页 | |
| 开本: | 24cm | |
| 丛书名: | ||
| 单 册: | ||
| 中图分类: | H319.4:K | |
| 科图分类: | ||
| 主题词: | 英语--ying yu--汉语--对照读物 , 城镇--cheng zhen--简介--中国 | |
| 电子资源: | ||
| ISBN: | 978-7-5611-5491-5 | |
| 000 | 01010nam0 2200265 450 | |
| 001 | 012010934597 | |
| 005 | 20100704155124.81 | |
| 010 | @a978-7-5611-5491-5@dCNY28.00 | |
| 100 | @a20100704d2010 em y0chiy0120 ea | |
| 101 | 0 | @achi@aeng |
| 102 | @aCN@b210000 | |
| 105 | @aa z 000yy | |
| 106 | @ar | |
| 200 | 1 | @a城镇魅力@Acheng zhen mei li@d= Cities and towns@f姚香泓主编@Fzhu bian yao xiang hong@zeng |
| 210 | @a大连@c大连理工大学出版社@d2010.05 | |
| 215 | @a230页@c图@d24cm | |
| 300 | @a每天读点中国文化 | |
| 330 | @a本书主要向读者介绍了四十五个中国城镇,展示了它们各具特色的文化内涵。全书分为四个部分:现代都会、文化古都、民族风情、旅游天堂。每个部分包括大约十个城市,每个城市分三个板块介绍,即:文化剪影、文化大观园、现代链接。 | |
| 510 | 1 | @aCities and towns@zeng |
| 606 | 0 | @a英语@Aying yu@x汉语@x对照读物 |
| 606 | 0 | @a城镇@Acheng zhen@x简介@y中国 |
| 690 | @aH319.4:K@v4 | |
| 701 | 0 | @a姚香泓@Ayao xiang hong@4主编 |
| 801 | 0 | @aCN@bQSSK@c20100704 |
| 905 | @b785189-91@dH319.4:K@eY371@f3 | |
| 城镇魅力= Cities and towns/姚香泓主编.-大连:大连理工大学出版社,2010.05 |
| 230页:图;24cm |
| 每天读点中国文化 |
| ISBN 978-7-5611-5491-5:CNY28.00 |
| 本书主要向读者介绍了四十五个中国城镇,展示了它们各具特色的文化内涵。全书分为四个部分:现代都会、文化古都、民族风情、旅游天堂。每个部分包括大约十个城市,每个城市分三个板块介绍,即:文化剪影、文化大观园、现代链接。 |
| ● |
| 相关链接 |
|
|
|
正题名:城镇魅力
索取号:H319.4:K/Y371
 
预约/预借
| 序号 | 登录号 | 条形码 | 馆藏地/架位号 | 状态 | 备注 |
| 1 | 785189 | 207851895 | 语言库209/209语言库 26排1列3层/ [索取号:H319.4:K/Y371] | 在馆 | |
| 2 | 785190 | 207851902 | 语言库209/209语言库 26排1列3层/ [索取号:H319.4:K/Y371] | 在馆 | |
| 3 | 785191 | 207851911 | 语言库209/209语言库 26排1列3层/ [索取号:H319.4:K/Y371] | 在馆 |